000 02088nam a2200349 i 4500
001 768714001
003 CO-MdFUSB
005 20231020153623.0
008 990622t1999 miu b |||0 ||eng
020 _a0802845460
040 _aDLC
_cCO-MdFUSB
_dCO-MdFUSB
_bspa
_erda
041 _aeng
082 _223
_a261.873
_bG577
245 0 0 _aGod and the victim
_b: theological reflections on evil, victimization, justice, and forgiveness
_c/ Editado por Lisa Barnes Lampman y Michelle D. Shattuck
264 1 _aGrand Rapids, Michigan :
_bNeighbors Who Care,
_c[1999]
264 4 _c© 1999
300 _a316 páginas ;
_c23 cm.
336 _atexto
_btxt
_2rdacontent.
337 _asin mediación
_bn
_2rdamedia.
338 _avolumen
_bnc
_2rdacarrier.
505 0 _a1. Encontrar a Dios tras el crimen: respuestas a preguntas difíciles / Lisa Barnes Lampman & Michelle D. Shattuck -- 2. Crimen original, cuidado primario / Miroslav Volf – 3. La marca del mal / Dan B. Allender -- 4. Responsabilidad hacia los derechos de las víctimas / Carl F.H. Henry -- 5. Ve y haz lo mismo: el papel de la iglesia en el cuidado de las víctimas del crimen / Harold Dean Trulear -- 6. Victimización y sanación: la visión bíblica / Elizabeth Achtemeier -- 7. Los contornos de la justicia: un antiguo llamado a Shalom / Nicholas Wolterstorff -- 8. Restaurando la justicia / Howard Zehr -- 9. He aquí, yo hago nuevas todas las cosas / L. Gregory Jones -- 10. Toda rodilla se doblará / Mary White -- 11. 'Perdona y olvida' y otros mitos del perdón / Dan B. Allender -- 12. Ayudar a las víctimas del delito: un continuo de atención / Marlene A. Young -- 13. El problema espiritual del crimen: el llamado de un pastor / Lee A. Earl -- Guia de estudio
563 _aRustica
650 0 _9228
_aConsejería pastoral
650 7 _2embne
_96956
_aVíctimas de delitos
650 7 _9281
_aSufrimiento
650 7 _9282
_aDolor
700 _aLampman, Lisa Barnes
_eeditor
_98616
700 1 _aShattuck, Michelle D.
_eeditor
942 _cBK
945 _aMag1104
999 _c68643
_d68643